| 000 | 01812nam a2200469Ii 4500 | ||
|---|---|---|---|
| 001 | DIGLCATRTA0039 | ||
| 003 | NyNyDIG | ||
| 006 | m o d | ||
| 007 | cr ||||||||||| | ||
| 008 | 211204s2020 sp a o 000 0 spa d | ||
| 035 | _a(OCoLC)1319854681 | ||
| 040 |
_aDGITA _beng _erda _epn _cDGITA |
||
| 020 |
_a9788413520926 _qeBook |
||
| 020 | _z9788413520537 | ||
| 043 | _ae-sp--- | ||
| 050 | 1 | 4 | _aHG9399.S62 ebook |
| 100 | 1 |
_aGómez Franco, Tomás, _d1968- _eauthor. |
|
| 245 | 1 | 0 |
_aHistoria del seguro de enfermedad en España : _bdesde finales del XIX a la actualidad / _cTomás Gómez, Eva Matarín y Jorge Montes. |
| 264 | 1 |
_aMadrid : _bCatarata, _c[2020] |
|
| 300 |
_a1 online resource : _billustrations. |
||
| 336 |
_atext _btxt _2rdacontent |
||
| 337 |
_acomputer _bc _2rdamedia |
||
| 338 |
_aonline resource _bcr _2rdacarrier |
||
| 347 |
_atext file _2rdaft |
||
| 347 | _bEPUB | ||
| 490 | 1 |
_aCatarata ; _v795 |
|
| 588 | 0 | _aOnline resource; title from ePUB title page (Digitalia, viewed December 4, 2021) | |
| 650 | 0 |
_aHealth insurance _zSpain _xHistory. |
|
| 650 | 0 |
_aInsurance _zSpain _xHistory. |
|
| 650 | 0 |
_aGovernment insurance _zSpain _xHistory. |
|
| 650 | 0 |
_aMedical policy _zSpain _xHistory. |
|
| 655 | 0 | _aElectronic books. | |
| 700 | 1 |
_aMatarín, Eva, _eauthor. |
|
| 700 | 1 |
_aMontes Salguero, Jorge J., _eauthor. |
|
| 791 | 2 |
_aDigitalia (Firm), _edistributor. |
|
| 830 | 0 |
_aLibros de la catarata (Series) ; _v795. |
|
| 793 | 0 |
_gDigitalia eBook Collection: _aLos libros de la catarata |
|
| 776 | 0 | 8 |
_iPrint version: _aGómez Franco, Tomás, 1968- _tHistoria del seguro de enfermedad en España. _dMadrid : Catarata, [2020] _z9788413520537 |
| 856 | 4 | 0 |
_3Digitalia Hispánica _uhttps://www.digitaliapublishing.com/a/80846/ |
| 910 | _aPremium collection: 2022 | ||
| 942 | _cRAA | ||
| 999 |
_c264916 _d264916 |
||